Hay Day: Bread - Statistics

General Stats
  • This quiz has been taken 23 times
  • The average score is 7 of 12
Answer Stats
Hint Answer % Correct
How much of this "thing" you need? 3
100%
How long does it take to make a bread in bakery? (in minutes) (without 3⭐ mastery) 5
100%
How long does it take to make a bread in bakery? (in minutes) (with 3⭐ mastery) 4
95%
What is needed to make it? Wheat
95%
Where do you make it? Bakery
91%
At what level do you unlock it? 2
64%
For how much can you sell one? (max price) 21
50%
On what level do you unlock the "thing"? 18
36%
For how much can you sell ten? (max price) 216
36%
What thing that is made from bread needs the smallest farm level? Hamburger
36%
On what level do you unlock the "thing"? 109
5%
What thing that is made from bread needs the highest farm level? Hummus wrap
5%
No matching quizzes found
Score Distribution
Percent of People with Each Score
Percentile by Number Answered
Your Score History
You have not taken this quiz